Testimoni oculari. Il significato storico delle immagini (Record n. 91052)
[ formato base ]
| 000 -LEADER | |
|---|---|
| fixed length control field | 02201nam a2200313Ia 4500 |
| 001 - CONTROL NUMBER | |
| control field | H1272 |
| 003 - CONTROL NUMBER IDENTIFIER | |
| control field | IT-RoPAU |
| 008 - FIXED-LENGTH DATA ELEMENTS--GENERAL INFORMATION | |
| fixed length control field | 130308s9999 xx 000 0 und d |
| 040 ## - CATALOGING SOURCE | |
| Original cataloging agency | IT-RoPAU |
| 040 ## - CATALOGING SOURCE | |
| Transcribing agency | IT-RoPAU |
| 041 ## - LANGUAGE CODE | |
| Language code of text/sound track or separate title | ITALIANO |
| 100 ## - MAIN ENTRY--PERSONAL NAME | |
| Personal name | Burke Peter |
| 100 ## - MAIN ENTRY--PERSONAL NAME | |
| Miscellaneous information | Codice Aut. SPICS: 8685 |
| 240 ## - UNIFORM TITLE | |
| Uniform title | USES OF IMAGES AS HISTORICAL EVIDENCE (THE) |
| 240 ## - UNIFORM TITLE | |
| Miscellaneous information | Codice Tit. Orig. Spics: T3309 |
| 245 ## - TITLE STATEMENT | |
| Title | Testimoni oculari. Il significato storico delle immagini |
| 245 ## - TITLE STATEMENT | |
| Remainder of title | Testimoni Oculari. Il Significato Storico delle Immagini |
| 250 ## - EDITION STATEMENT | |
| Edition statement | 1a ed. |
| 260 ## - PUBLICATION, DISTRIBUTION, ETC. (IMPRINT) | |
| Place of publication, distribution, etc. | ROMA |
| 260 ## - PUBLICATION, DISTRIBUTION, ETC. (IMPRINT) | |
| Name of publisher, distributor, etc. | Carocci |
| 260 ## - PUBLICATION, DISTRIBUTION, ETC. (IMPRINT) | |
| Date of publication, distribution, etc. | 2002 [1° Ed.:2002 - Ed.Ling.Originale:2001] |
| 300 ## - PHYSICAL DESCRIPTION | |
| Extent | "258 p. (prefazione: no ; testo: 258 [pagine: 0-0])" |
| 500 ## - GENERAL NOTE | |
| General note | "L'Autore Dimostra Come L'Uso delle immagini Possa Arricchire in Modo Decisivo la Conoscenza del Passato e del Presente. Un Ritratto, una Statua, Un'Iscrizione, un Arazzo, e Piu' di Recente una fotografia o un Film, possono Rappresentare prove Storiche al pari di Quelle Piu' Tradizionali e ci Aiutano a comprendere Meglio Eventi e Contesti a Noi vicini o Lontani. Introduzione: Testimonianza delle Immagini: Fonti e Tracce, Varietà di Immagine. fotografie e Ritratti: Realismo Fotografico. Iconografia e Iconologia: idea Diiconografia; Scuola di Warburg; Esemplificazione e Critica del Metodo; Problema del Paesaggio. Sacro e Soprannaturale: immagini e Indottrinamento; culto delle Immagini; immagini e Devozione; immagini Polemiche; Crisi dell'Immagine. Potere e Protesta: immagini di Idee e di Individui; immagini Sovversive. Cultura Materiale e Immagini: Vedute di Citta'; Interni e Loro Arredamento; Pubblicità. Vedere la Societa': Bambini e Donne nella Vita Quotidiana; Reale e Ideale. stereotipi dell'Altro: Razze Mostruose. Narrazioni Visive: immagini dell'Attualita'; Leggere le Narrazioni; Scene di Battaglia; Serie e strisce Narrative; Film Come Testimonianza. Dal testimone Allo Storico. Oltre L'Iconografia? Storia Culturale delle Immagini: Storia Sociale dell'arte . Bibliografia." |
| 650 ## - SUBJECT ADDED ENTRY--TOPICAL TERM | |
| Topical term or geographic name as entry element | TEORIA/LINGUAGGI DI ICONOLOGIA |
| 650 ## - SUBJECT ADDED ENTRY--TOPICAL TERM | |
| Relator term | Codice materia Spics: 5153 |
| 942 ## - ADDED ENTRY ELEMENTS (KOHA) | |
| Koha item type | LIBRO |
| 957 ## - | |
| -- | 1 |
| 999 ## - SYSTEM CONTROL NUMBERS (KOHA) | |
| -- | 1 |
| Withdrawn status | Lost status | Damaged status | Not for loan | Home library | Current library | Date acquired | Total Checkouts | Full call number | Date last seen | Price effective from | Koha item type | Public note |
|---|---|---|---|---|---|---|---|---|---|---|---|---|
| Buone Condizioni | Not For Loan | SPICS-MEDIATECA | SPICS-MEDIATECA | 08/03/2013 | H1272 | 08/03/2013 | 08/03/2013 | LIBRO | Progressivo inserimento: 23458 / N. Volumi: 1 Copie: 1 / data import: 1 marzo 2013 - By Epidotti, Trombetti, Vaglietti. |